| 000 | 01699nam a2200289Ia 4500 | ||
|---|---|---|---|
| 999 |
_c39170 _d39170 |
||
| 001 | 5753 | ||
| 003 | GE_BSU | ||
| 005 | 20191028123000.0 | ||
| 008 | 181216s2012||||ge |||||||||||||| ||geo|| | ||
| 040 | _cGE_BSU | ||
| 041 | _ageo | ||
| 080 | _a821.161.1-31 ა-70 | ||
| 100 |
_aანტონოვსკაია, ანა _93051 |
||
| 245 |
_aდიდი მოურავი : _b14 ტომად. წ.2. ნ.3 / _c ანა ანტონოვსკაია ; თარგმანი არისტო ჭუმბაძისა ; მხატვ. ნიკოლოზ თეთრაშვილი. სარედ. ჯგ.: ზურაბ აბაშიძე, ირმა ხარშილაძე |
||
| 264 |
_aთბილისი : _bპალიტრა L. _c2012. |
||
| 300 |
_a288 გვ. ; _b20 სმ. |
||
| 490 |
_aყველა დროის საუკეთესო ისტორიული რომანი _xISSN 1512-1178 |
||
| 500 | _aრომანი თავდაპირველად გამოდიოდა 12 ტომად. 2013 წელს დაემატა 2 ტომი. | ||
| 541 | _h4ლ. | ||
| 600 |
_aსააკაძე გიორგი _935 |
||
| 653 | _aისტორიული რომანი | ||
| 700 |
_aჭუმბაძე, არისტო _eმთარგმნელი _93052 |
||
| 700 |
_aთეთრაშვილი, ნიკოლოზ _eმხატვარი _93053 |
||
| 700 |
_aაბაშიძე, ზურაბ _eრედაქტორი _91322 |
||
| 700 |
_aხარშილაძე, ირმა _eრედაქტორი _91324 |
||
| 942 |
_cBK _2udc |
||